Bad Guys by The Hero - Statistics

General Stats
  • This quiz has been taken 117 times
  • The average score is 12 of 17
Answer Stats
Hint Answer % Correct
Luke Skywalker/Rebels Darth Vader
97%
Batman The Joker
96%
Harry Potter Voldemort
91%
Dogs Cat
85%
Superman Lex Luthor
84%
The Avengers/Guardians of The Galaxy Thanos
83%
Spider-Man Green Goblin
81%
Democrats Republicans
75%
Ireland England
72%
He-Man Skelator
67%
Jesus/Christians The Devil
67%
The World in 1945 Adolf Hitler
56%
Bugs Bunny/Daffy Duck Elmer Fudd
54%
Captain Kirk/Spock Khan
49%
G.I. Joe Cobra
48%
Daniel LaRusso Johnny Lawrence
30%
Homer Simpson Sideshow Bob
30%
No matching quizzes found
Score Distribution
Percent of People with Each Score
Percentile by Number Answered
Your Score History
You have not taken this quiz